GETS Theological Seminary Library

心中的牆 : (Record no. 28863)

MARC details
000 -LEADER
fixed length control field 00815nam a2200241Ia 4500
008 - FIXED-LENGTH DATA ELEMENTS--GENERAL INFORMATION
fixed length control field 200928s9999||||xx |||||||||||||| ||und||
020 ## - INTERNATIONAL STANDARD BOOK NUMBER
International Standard Book Number 9579183988
020 ## - INTERNATIONAL STANDARD BOOK NUMBER
International Standard Book Number 9789579183987
041 ## - LANGUAGE CODE
Language code of text/sound track or separate title chi
Language code of original eng
050 ## - LIBRARY OF CONGRESS CALL NUMBER
Classification number BV4509.5
Item number .T486 2002
100 ## - MAIN ENTRY--PERSONAL NAME
Personal name Thompson, Bruce
245 #0 - TITLE STATEMENT
Title 心中的牆 :
Remainder of title 從受轄制的性格中得釋放 = Walls of My Heart /
Statement of responsibility, etc. 布魯司.湯生 (Bruce Thompson) ,芭芭.湯生 (Barbara Thompson) 著; 許美惠 譯
246 ## - VARYING FORM OF TITLE
Title proper/short title 心中的墙 :
Remainder of title 从受辖制的性格中得释放/
260 ## - PUBLICATION, DISTRIBUTION, ETC.
Place of publication, distribution, etc. 臺北 :
Name of publisher, distributor, etc. 以琳,
Date of publication, distribution, etc. 2002
300 ## - PHYSICAL DESCRIPTION
Extent 227 p. :
Other physical details ill. ;
Dimensions 21 cm.
500 ## - GENERAL NOTE
General note Translation of:Walls of My Heart
650 ## - SUBJECT ADDED ENTRY--TOPICAL TERM
Topical term or geographic name entry element Christian life.
650 ## - SUBJECT ADDED ENTRY--TOPICAL TERM
Topical term or geographic name entry element Christianity -- Psychology.
700 ## - ADDED ENTRY--PERSONAL NAME
Personal name Thompson, Barbara
700 ## - ADDED ENTRY--PERSONAL NAME
Personal name 湯生
700 ## - ADDED ENTRY--PERSONAL NAME
Personal name 許美惠
Holdings
Withdrawn status Lost status Damaged status Not for loan Home library Current library Shelving location Date acquired Total Checkouts Full call number Barcode Date last seen Price effective from Koha item type
        GETS Theological Seminary Library GETS Theological Seminary Library General Stacks 09/28/2020   BV4509.5 .T486 2002 00016281 09/28/2020 09/28/2020 Chinese Book
OpacCredits

Contact the Librarian, GETS Library
Email: library@mygets.org









Implemented by GETS Library
(Powered by ETCA Professional Group)
GETS Theological Seminary
412 E. Rowland Street, CA 91723